| 000 | 00366nam a22001457a 4500 | ||
|---|---|---|---|
| 008 | 230626b xxu||||| |||| 00| 0 eng d | ||
| 082 |
_a332.9 _bJDS |
||
| 100 | _cArjan De Haan | ||
| 245 | _aThe Journal of Development Studies | ||
| 260 |
_aEngland _bFrank CASS & Co. _c2002 |
||
| 300 | _a190p | ||
| 440 |
_n5 _v38 _x0022038 |
||
| 700 | _cBen Rogaly | ||
| 942 |
_2ddc _cBK |
||
| 999 |
_c2656 _d2656 |
||